| 000 | 00578nam a2200145Ia 4500 | ||
|---|---|---|---|
| 008 | 170221s9999 xx 000 0 und d | ||
| 100 | _aJohn C. Gardner | ||
| 245 | _aUsing Coke-Cola and Pepsico to demonstrate Optimal Capital Structure Theory | ||
| 245 | _cJohn C. Gardner, University of New Orleans; Carl B. McGowan, Jr., Norfolk State University; Susan E. Moeller, Eastern Michigan University. | ||
| 260 | _bJournal of Management and Marketing Research | ||
| 260 | _c2014 | ||
| 300 | _a9 : 2 | ||
| 650 | _xBusiness | ||
| 856 | _uhttp://www.aabri.com/manuscripts/131551.pdf | ||
| 999 |
_c313681 _d313681 |
||